| 000 | 00000nam 2200000za 4500 |
| 001 | 9.816787 |
| 003 | CaOODSP |
| 005 | 20221107142327 |
| 007 | cr ||||||||||| |
| 008 | 160503s2004 onc #o f000 0 eng d |
| 040 | |aCaOODSP|beng |
| 043 | |an-cn--- |
| 086 | 1 |aE2-491/2004E-PDF |
| 110 | 1 |aCanada.|bForeign Affairs and International Trade.|bOffice of the Inspector General. |
| 245 | 10|aEvaluation of the Program Integrity Funding I |h[electronic resource] : |bfinal report / |cForeign Affairs Canada and International Trade Canada, Office of the Inspector General, Evaluation Division (SIE). |
| 260 | |a[Ottawa] : |bForeign Affairs Canada and International Trade Canada, |c2004. |
| 300 | |avi, 46, [4] p. |
| 500 | |aIssued also in French under title: Évaluation, Financement de l'intégrité des programmes I. |
| 500 | |a"March, 2004." |
| 692 | 07|2gccst|aFunding |
| 692 | 07|2gccst|aGovernment services |
| 775 | 08|tÉvaluation, Financement de l'intégrité des programmes I |w(CaOODSP)9.816887 |
| 856 | 40|qPDF|s153 KB|uhttps://publications.gc.ca/collections/collection_2016/amc-gac/E2-491-2004-eng.pdf |